História e Geografia de Portugal - Statistics

Estatísticas Gerais
  • Esse quiz foi jogado 222 vezes
  • A pontuação média é 8 de 15
Estatísticas das Respostas
Hint Resposta % Correto
Em que hemisfério se situa a Península Ibérica? Hemisfério norte
91%
Qual o maior rio da Península Ibérica? Rio Tejo
86%
Qual o estreito que separa a Península Ibérica do continente africano? Estreito de Gibraltar
84%
Qual o limite da Península Ibérica a norte e oeste? Oceano Atlântico
74%
Qual o limite da Península Ibérica a Sul? Oceano Atlântico e mar Mediterrâneo
71%
Qual o limite da Península Ibérica a este? Mar Mediterrâneo
70%
Qual a religião que veio com os romanos e até hoje permanece em Portugal? Cristianismo
66%
Que nome se dá ás pessoas que não tem casa nem vivem muito tempo no mesmo sítio? Nómadas
62%
Que nome era dado ao povo proveniente da Península Itálica que conquistou vários territórios à volta do mar Mediterrâneo? Romanos
58%
Como se chamam as cenas de caça que podemos encontrar gravadas ou pintadas em grutas? Arte rupestre
56%
Como se chamava o chefe português que lutou contra os romanos? Viriato
47%
Em que extremo está situada a Península Ibérica? Extremo sudoeste
42%
Como se chamavam os povos guerreiros vindos no Centro da Europa? Celtas
20%
Como se chamam as comunidades que viviam da pesca, da caça, e da recoleção? Comunidades recoletoras
9%
Como se chamavam as comunidades que vivam da agricultura, da pastorícia e da domesticação de animais? Agro-pastorais
1%
Nenhum quiz correspondente encontrado
Distribuição das Pontuações
Porcentagem de Pessoas com Cada Pontuação
Percentil de Números Respondidos
Sua Pontuação Histórica
Você não jogou esse quiz